000 00214nam a22000857a 4500
008 161228b xxu||||| |||| 00| 0 eng d
100 _92229
_aKipling.R
245 _aThe Jungle Book
260 _aNew Delhi
_bOrient Log
_c2008
999 _c5117
_d5117